|
|
|
|
| LEADER |
00640nab a2200169 i 4500 |
| 001 |
delm71208 |
| 005 |
20180928082423.0 |
| 008 |
180928s1963 hu o 0|| hun d |
| 040 |
|
|
|a SZTE Délmagyarország Archívum
|b hun
|
| 041 |
|
|
|a hun
|
| 100 |
1 |
|
|a Liebmann Béla
|
| 245 |
1 |
0 |
|a Szegedre látogatott Kállay Gyula elvtárs
|h [elektronikus dokumentum] :
|b [fényképpel] /
|c Liebmann Béla
|
| 260 |
|
|
|c 1963-07-27
|
| 300 |
|
|
|a 1
|
| 490 |
0 |
|
|a Délmagyarország
|v 53 No. 174
|
| 695 |
|
|
|a Kállai Gyula, Perjési László, Politikusi látogatás Szeged 1963, Szabadtéri Játékok Szeged 1963, hazai politikusok látogatásai
|
| 700 |
0 |
1 |
|a Liebmann Béla
|e aut
|